Wings of fire : (Record no. 5923)

MARC details
000 -LEADER
fixed length control field 00978nam a22002897a 4500
001 - CONTROL NUMBER
control field 5923
003 - CONTROL NUMBER IDENTIFIER
control field FISKH
005 - DATE AND TIME OF LATEST TRANSACTION
control field 20250207111051.0
008 - FIXED-LENGTH DATA ELEMENTS--GENERAL INFORMATION
fixed length control field 250207b cb ||||| |||| 00| 0 eng d
020 ## - INTERNATIONAL STANDARD BOOK NUMBER
International Standard Book Number 9781407147789
040 ## - CATALOGING SOURCE
Original cataloging agency FISKH
Language of cataloging eng
Transcribing agency FISKH
Modifying agency FISKH
050 ## - LIBRARY OF CONGRESS CALL NUMBER
Classification number PZ7.S96694 L
082 ## - DEWEY DECIMAL CLASSIFICATION NUMBER
Classification number 813.6
100 ## - MAIN ENTRY--PERSONAL NAME
Personal name T.Sutherland, Tui
Dates associated with a name (1978-)
245 ## - TITLE STATEMENT
Title Wings of fire :
Remainder of title The lost heir /
Statement of responsibility, etc. Tui T.Sutherland
250 ## - EDITION STATEMENT
Edition statement This edition first published in 2012
260 ## - PUBLICATION, DISTRIBUTION, ETC.
Place of publication, distribution, etc. London :
Name of publisher, distributor, etc. Scholastic,
Date of publication, distribution, etc. 2012.
300 ## - PHYSICAL DESCRIPTION
Extent 316 pages :
Other physical details illustrations ;
Dimensions 20 cm
505 ## - FORMATTED CONTENTS NOTE
Formatted contents note R<br/>
520 ## - SUMMARY, ETC.
Summary, etc. Overjoyed to be reunited with her fellow ocean-dwelling dragons, Tsunami the SeaWing continues efforts to end the war for Pyrrhia in spite of a dangerous assassin who is threatening all their lives.
521 8# - TARGET AUDIENCE NOTE
Target audience note 750<br/>
Source Lexile<br/>
521 8# - TARGET AUDIENCE NOTE
Target audience note R<br/>
Source Raz-Plus<br/>
650 ## - SUBJECT ADDED ENTRY--TOPICAL TERM
Source of heading or term Fantasy
Topical term or geographic name entry element Middle grade
650 ## - SUBJECT ADDED ENTRY--TOPICAL TERM
Source of heading or term Dragons
Topical term or geographic name entry element Wings of Fire
942 ## - ADDED ENTRY ELEMENTS (KOHA)
Source of classification or shelving scheme Dewey Decimal Classification
Koha item type Books
Suppress in OPAC No
Holdings
Withdrawn status Lost status Source of classification or shelving scheme Damaged status Not for loan Collection Home library Current library Shelving location Date acquired Total Checkouts Full call number Barcode Date last seen Date last checked out Copy number Price effective from Koha item type
    Dewey Decimal Classification     Juvenile Fiction Footprints International School Library Network Toul Kork Campus Footprints International School Library Network Toul Tom Poung Campus TTP Primary Orange Bookshelves 02/07/2025 2 SUT 813.6 PZ7.S96694 L 2025-0445 10/09/2025 08/08/2025 1 02/07/2025 Books